| 000 | 01178cam a2200385 4500 | ||
|---|---|---|---|
| 001 | ABS61569 | ||
| 008 | 000000n1999 000 0 eng u | ||
| 035 | _a(Sirsi) u101837 | ||
| 100 | _aRomney, C. | ||
| 245 | _aLease peace with mainland | ||
| 260 | _c1999 | ||
| 490 |
_aEstates Gazette _v(9943) 30 October 1999, 145-147(3) |
||
| 520 | _aCompares institutional leases across Europe, covering aspects such as privity of contract, repair and redecoration, and length of lease. Includes a table of commercial lease requirements and a list of ways of overcoming the differences. | ||
| 590 | _aABS | ||
| 650 | _aINSTITUTIONAL LEASES | ||
| 650 | _aPROPERTY-COMMERCIAL PROPERTY | ||
| 650 | _aEUROPE | ||
| 650 | _aBELGIUM | ||
| 650 | _aCZECH REPUBLIC | ||
| 650 | _aDENMARK | ||
| 650 | _aGERMANY | ||
| 650 | _aHUNGARY | ||
| 650 | _aNETHERLANDS | ||
| 650 | _aPOLAND | ||
| 650 | _aSWEDEN | ||
| 650 | _aPRIVITY OF CONTRACT | ||
| 650 | _aREPAIRS | ||
| 650 | _aLENGTH OF LEASE | ||
| 650 | _aALIENATION | ||
| 650 | _aTERMINATION | ||
| 650 | _aDISTRAINT | ||
| 650 | _aCOMMERCIAL LEASES | ||
| 690 | _aLANDLORD AND TENANT-BUSINESS TENANCIES | ||
| 942 | _n0 | ||
| 999 |
_c60947 _d60947 |
||